[Event "SibFO-ch op (Women)"]
[Site "Novokuznetsk"]
[Date "2013.03.27"]
[Round "7"]
[White "Krendyaseva, Valeriya"]
[Black "Erdenieva, Oyuna"]
[Result "0-1"]
[WhiteElo "2002"]
[BlackElo "1802"]
[PlyCount "106"]
[EventDate "2013.03.21"]
[EventType "swiss"]
[EventRounds "9"]
[EventCountry "RUS"]
[SourceTitle "CBM 153 Extra"]
[Source "ChessBase"]
[SourceDate "2013.04.22"]
[SourceVersion "1"]
[SourceVersionDate "2013.04.22"]
[SourceQuality "1"]

1. e4 e6 2. d4 d5 3. e5 c5 4. c3 Nc6 5. Nf3 Qb6 6. a3 c4 7. Nbd2 Na5 8. Be2 Bd7 9. 0-0 Be7 10. Rb1 h5 11. Qc2 Nh6 12. Bd1 Rc8 13. b4 cxb3 14. Nxb3 Ba4 15. Qb2 Nc4 16. Qa2 Qc6 17. Nfd2 b6 18. Nxc4 Qxc4 19. Bb2 0-0 20. Nc1 Bxd1 21. Rxd1 f6 22. Qxc4 Rxc4 23. Nd3 g6 24. f4 Ra4 25. Ra1 Nf5 26. Re1 Kf7 27. exf6 Bxf6 28. Ne5+ Bxe5 29. fxe5 Ke7 30. Bc1 Rc8 31. Bb2 Kd7 32. Rac1 Ra5 33. Ra1 Rb5 34. Rab1 Rb3 35. g3 b5 36. Kh1 a5 37. Kg1 b4 38. axb4 axb4 39. cxb4 Rxb4 40. Red1 Rcb8 41. Rd2 Ne3 42. Rf2 Nc4 43. Rf7+ Ke8 44. Rh7 Nxb2 45. Rh8+ Kf7 46. Rxb8 Rxb8 47. Kf1 Rb6 48. Ke2 Nc4 49. Rxb6 Nxb6 50. Kd3 Ke7 51. h4 Nc4 52. Kc2 Ne3+ 53. Kd3 Nf5 0-1

[Event "SibFO-ch op (Women)"]
[Site "Novokuznetsk"]
[Date "2013.03.21"]
[Round "1"]
[White "Trapeznikova, Darya"]
[Black "Krendyaseva, Valeriya"]
[Result "1-0"]
[WhiteElo "2074"]
[BlackElo "2002"]
[PlyCount "61"]
[EventDate "2013.03.21"]
[EventType "swiss"]
[EventRounds "9"]
[EventCountry "RUS"]
[SourceTitle "CBM 153 Extra"]
[Source "ChessBase"]
[SourceDate "2013.04.22"]
[SourceVersion "1"]
[SourceVersionDate "2013.04.22"]
[SourceQuality "1"]

1. d4 d5 2. c4 c6 3. Nf3 Nf6 4. Nc3 e6 5. g3 Nbd7 6. Bg2 Be7 7. 0-0 0-0 8. Qd3 b6 9. e4 dxe4 10. Nxe4 Nxe4 11. Qxe4 Bb7 12. Rd1 Nf6 13. Qc2 h6 14. c5 Nd5 15. b3 Rc8 16. a4 a5 17. Ba3 Nb4 18. Bxb4 axb4 19. Rac1 Bf6 20. Ne5 Bxe5 21. dxe5 Qc7 22. Rd6 b5 23. axb5 cxb5 24. c6 Ba8 25. Qc5 Qa5 26. Rd7 Rc7 27. Qe7 Rcc8 28. c7 Bxg2 29. Kxg2 Qa8+ 30. Kg1 Kh7 31. Rcd1 1-0